| 000 | 01571cam a2200277 4500 | ||
|---|---|---|---|
| 001 | 1764726 | ||
| 003 | ARRUPE | ||
| 005 | 20140923113444.0 | ||
| 008 | 720905s1972 nyu b 001 0 eng | ||
| 010 | _a 76175409 | ||
| 040 |
_aDLC _cDLC _dDLC |
||
| 050 | 0 | 0 |
_aB841.4 _b.D4 |
| 082 | 0 | 0 | _a108 |
| 100 | 1 |
_aDe George, Richard T., _ecomp. _911466 |
|
| 245 | 1 | 4 |
_aThe structuralists: from Marx to Lévi-Strauss. _cEdited with an introd. by Richard T. De George and Fernande M. De George. |
| 250 | _a[1st ed.] | ||
| 260 |
_aGarden City, N.Y., _bAnchor Books, _c1972. |
||
| 300 |
_axxix, 330 p. _c19 cm. |
||
| 350 | _a$2.50 | ||
| 504 | _aIncludes bibliographical references. | ||
| 505 | 0 | _aMarx, K. Preface to A contribution to the critique of political economy. From Capital.--Freud, S. From The psychopathology of everyday life.--De Saussure, F. From Course in general linguistics.--Tynianov, Y. and Jakobson, R. Problems in the study of language and literature.--Jakobson, R. Linguistics and poetics.--Jakobson R. and Lévi-Strauss, C. Charles Baudelaire's "Les chats."--Barthes, R. The structuralist activity. To write: an intransitive verb?--Lévi-Strauss, C. The structural study of myth. Four winnebago myths. History and dialectic.--Althusser, L. Marx's immense theoretical revolution.--Foucault, M. The human sciences.--Lacan, J. The insistence of the letter in the unconscious. | |
| 650 | 0 |
_aStructuralism. _98960 |
|
| 700 | 1 |
_aDe George, Fernande M., _ejoint comp. _911467 |
|
| 906 |
_a7 _bcbc _corignew _d2 _encip _f19 _gy-gencatlg |
||
| 942 |
_2lcc _cMONOGRAPH |
||
| 999 |
_c120900 _d120900 |
||